| 000 | 00943nam a2200241 a 4500 | ||
|---|---|---|---|
| 003 | CBULib | ||
| 005 | 20240524085632.0 | ||
| 008 | 140918s2012 ||||||||||||||||| || u | ||
| 040 |
_aCBULib _bEnglish _cCBULib _dCBULib _erda |
||
| 050 | _aUNECE(02)2012/13 | ||
| 110 | _aUnited Nations Economic Commission for Europe (UNECE) | ||
| 245 | 1 | 0 |
_aInventory of main standards and parameters of the E Waterway Network: "Blue Book" ._2nd rev. ed. _cby United Nations Economic Commission for Europe [UNECE] |
| 260 |
_aNew York: _bUnited Nations Economic Commission for Europe (UNECE) _c2012 |
||
| 300 | _avii, 87pages.: illustrations | ||
| 336 |
_2rdacontent _aText | _btxt |
||
| 337 |
_2rdamedia _aUnmediated | _bn |
||
| 338 |
_2rdacarrier _aVolume _bnc |
||
| 650 | _aTRANSPORTATION--EUROPE | ||
| 650 | _aTRANSPORTATION | ||
| 650 | _aE WATERWAY NETWORK--STANDARDS | ||
| 942 |
_2mc _c029 |
||
| 999 |
_c48145 _d48145 |
||